Countries That Export the Most Coffee - Statistics

General Stats
  • This quiz has been taken 66 times
  • The average score is 14 of 20
Answer Stats
Metric Tons Answer % Correct
2.652 mil Brazil
96%
810k Colombia
93%
192k Peru
93%
348k India
87%
42k Ecuador
82%
660k Indonesia
82%
116k China
76%
234k Mexico
76%
1.65 mil Vietnam
76%
348k Honduras
71%
204k Guatemala
69%
132k Nicaragua
69%
89.52k Costa Rica
67%
49.98k Kenya
67%
384k Ethiopia
62%
48k Tanzania
62%
45.72k El Salvador
53%
288k Uganda
44%
108k Ivory Coast
27%
48k Papua New Guinea
27%
No matching quizzes found
Score Distribution
Percent of People with Each Score
Percentile by Number Answered
Your Score History
You have not taken this quiz